书目信息 |
| 题名: |
建筑工程施工组织与项目管理
|
|
| 作者: | 赵毓英 , 饶巍 , 李梦婕 编 | |
| 分册: | ||
| 出版信息: | 北京 中国环境科学出版社 2012 |
|
| 页数: | 328页 | |
| 开本: | 26cm | |
| 丛书名: | ||
| 单 册: | ||
| 中图分类: | TU721 | |
| 科图分类: | ||
| 主题词: | 建筑工程--教材--施工组织--职业培训 , 建筑工程--教材--工程项目管理--职业培训 , 建筑工程--教材--职业培训--施工组织 , 建筑工程--教材--职业培训--工程项目管理 | |
| 电子资源: | ||
| ISBN: | 978-7-5111-1121-0 | |
| 000 | 01381nam0 2200313 450 | |
| 001 | 279 | |
| 005 | 20160906090255.04 | |
| 005 | 20131007113021.0 | |
| 005 | 20131023170835 | |
| 010 | @a978-7-5111-1121-0@dCNY53.00 | |
| 100 | @a20121119d2012 em y0chiy0110 ea | |
| 101 | 0 | @achi |
| 102 | @aCN@b110000 | |
| 105 | @ay z 000yy | |
| 200 | 1 | @a建筑工程施工组织与项目管理@9jian zhu gong cheng shi gong zu zhi yu xiang mu guan li@f赵毓英,饶巍,李梦婕编 |
| 210 | @a北京@c中国环境科学出版社@d2012 | |
| 215 | @a328页@d26cm | |
| 300 | @a建筑与市政工程施工现场专业人员培训教材 | |
| 330 | @a本书共分为两篇十五章。第一篇“建筑施工项目施工组织”阐述了基本建设的概念和程序,流水施工和网络计划技术的知识,施工组织设计的内容、方法和步骤。第二篇“建筑施工项目施工管理”讲述了现代先进的管理技术和方法;如:施工现场的管理、施工技术管理、施工项目质量管理及控制、施工项目的职业健康安全的管理、施工项目进度管理、施工合同管理、资源的管理、施工项目成本管理、施工项目信息管理等。 | |
| 606 | 0 | @a建筑工程@j教材@x施工组织@x职业培训 |
| 606 | 0 | @a建筑工程@j教材@x工程项目管理@x职业培训 |
| 606 | @a建筑工程@j教材@x职业培训@x施工组织 | |
| 606 | @a建筑工程@j教材@x职业培训@x工程项目管理 | |
| 690 | @aTU721@v5 | |
| 701 | 0 | @a赵毓英@9zhao yu ying@4编 |
| 701 | 0 | @a饶巍@9rao wei@4编 |
| 701 | 0 | @a李梦婕@9li meng jie@4编 |
| 801 | 0 | @aCN@b唐山师范学院图书馆@c20160721 |
| 905 | @aZUCC@dTU721@e746 | |
| 建筑工程施工组织与项目管理/赵毓英,饶巍,李梦婕编.-北京:中国环境科学出版社,2012 |
| 328页;26cm |
| 建筑与市政工程施工现场专业人员培训教材 |
| ISBN 978-7-5111-1121-0:CNY53.00 |
| 本书共分为两篇十五章。第一篇“建筑施工项目施工组织”阐述了基本建设的概念和程序,流水施工和网络计划技术的知识,施工组织设计的内容、方法和步骤。第二篇“建筑施工项目施工管理”讲述了现代先进的管理技术和方法;如:施工现场的管理、施工技术管理、施工项目质量管理及控制、施工项目的职业健康安全的管理、施工项目进度管理、施工合同管理、资源的管理、施工项目成本管理、施工项目信息管理等。 |
| ● |
| 相关链接 |
|
|
|
|
正题名:建筑工程施工组织与项目管理
索取号:TU721/746
 
预约/预借
| 序号 | 登录号 | 条形码 | 馆藏地/架位号 | 状态 | 备注 |
| 1 | 901175 | 209011754 | 第二样本阅览室/ [索取号:TU721/746] | 在馆 | |
| 2 | 901176 | 209011763 | 第三借阅区/ [索取号:TU721/746] | 在馆 | |
| 3 | 901177 | 209011772 | 第三借阅区/ [索取号:TU721/746] | 在馆 | |
| 4 | 901178 | 209011781 | 第三借阅区/ [索取号:TU721/746] | 在馆 | |
| 5 | 901179 | 209011790 | 第三借阅区/ [索取号:TU721/746] | 在馆 |